000 00972nam a22003137a 4500
003 CHAP
005 20220329141712.0
008 971013s1973 r 00010 d
010 _a72490
011 _a73462
035 _a83019
040 _cCHAP
090 _aTesis
100 0 0 _aGarcía Borbolla, Benigno Tomás.
_945782
245 _aAuditoría interna operacional
260 _aMéxico, D.F. :
_bEl autor,
_c1973
300 _a51 h.
_b: apénd.
502 _aTesis (Contador Público) -- UNAM. Fac. de Comercio y Administración
590 _aALEPH
_b10
_c20130110
_lUCH01
_h1413
590 _aBATCH-UPD
_b10
_c20130110
_lUCH01
_h1748
590 _aBATCH-UPD
_b10
_c20130410
_lUCH01
_h1127
590 _aBATCH-UPD
_b10
_c20130914
_lUCH01
_h0426
590 _aBATCH-UPD
_b10
_c20130914
_lUCH01
_h2150
590 _aCONVERSION
_b10
_c20130109
_lUCH01
_h1340
650 1 4 _aAuditoría.
_98308
901 _aBK
942 _cTESIS
949 _bBC
_cTES
_d-37339
_eTS1
_i83019
_si
999 _c72490
_d72490